| 000 | 00563nam a2200193Ia 4500 | ||
|---|---|---|---|
| 003 | LK-CoDNM | ||
| 008 | 010623t2002 xxu||||| |||| 00| 1 sin d | ||
| 040 |
_aLK-CoDNM _dLK-CoDNM _eLK-CoDNM |
||
| 041 | _asin | ||
| 080 |
_a(x) 398 _bJAY |
||
| 100 | _aJayanetti, Dayapala | ||
| 245 | _aනෙළුමි කවි වරුණ හා ජන සංස්කෘතිය | ||
| 246 | _aNelum kavi waruna haa jana sanskrutiya | ||
| 260 |
_bSamayawardena _aColombo _c2002 |
||
| 300 | _b(xvi)215, 21.5 cm | ||
| 650 | _aCulture | ||
| 650 | _aFolklore | ||
| 942 | _cBK | ||
| 999 |
_c122115 _d122115 |
||